000 00839 a2200229 4500
003 Nust
005 20230119155322.0
010 _a 75012941
020 _a0070448256
040 _cNust
082 0 0 _a660.2842,MCC
100 1 _aMcCabe, Warren L.
_944739
245 1 0 _aUnit operations of chemical engineering /
_cWarren L. McCabe, Julian C. Smith.
250 _a3d ed.
260 _aNew York :
_bMcGraw-Hill,
_cc1976.
300 _aviii, 1028 p. :
_bill. ;
_c25 cm.
490 0 _aMcGraw-Hill chemical engineering series
505 _aIntroduction (Page-3), Fluid Mechanics (Page-29), Heat Transfer and its Applications (Page-265), Mass Transfer and its Applications (Page-465), Operations Involving Particulate Solids (Page-801).
650 0 _aChemical processes.
700 1 _aSmith, Julian C.
_d1919-
_9107154
942 _2ddc
_cBK
999 _c185000
_d185000